=LDR 00000nam 2200000 4500 =001 INLIS000000000022151 =005 20130612120934 =008 ***********************************Ind** =035 ##$$0010-061300000022151 =041 ##$$a Ind =082 ##$$a 729.24 =090 ##$$a 729.24, Ran-r =100 ##$$a RANTI, Sharmi =245 ##$$a Ruang Dapur, Sharmi Ranti =260 ##$$a 1996 $b Jakarta =300 ##$$a 120 hlm., ilus., 28 cm =650 ##$$a Interior - Ruangan =850 ##$$a NBPNMAT